000
00228 a2200097 4500
001
10625
100
_a
Dent, H C
245
_a
Your book of tech. education and careers in Industry.
260
_a
_b
Adam
_c
090
_c
8227
_d
8227
942
_a
NUST-CAE
_c
M
_c
34964
999
_c
245698
_d
245698